| 000 | 00737nam a2200229Ia 4500 | ||
|---|---|---|---|
| 001 | 811 | ||
| 003 | GE_BSU | ||
| 008 | 181216s||||||||xx |||||||||||||| ||und|| | ||
| 040 | _cGE_BSU | ||
| 080 | _a616.31(075.8) | ||
| 100 | _aБернадский, Ю.И. | ||
| 245 | _aОсновы хирургической стоматологии. | ||
| 245 | _bУчеб. пособие для студ.-субординаторов медицинских ин-тов. | ||
| 250 | _aИзд. 2-е,перер. и доп. | ||
| 260 | _aКиев | ||
| 260 | _b,,Вища школа"", | ||
| 260 | _c1983 | ||
| 300 | _a392 с. | ||
| 541 | _h12 л. | ||
| 653 | _aОсновы хирургической стоматологии | ||
| 942 | _cBK | ||
| 999 |
_c34976 _d34976 |
||